SWTOR Begleiter - Statistiken

Allgemein
  • Dieses Quiz wurde 36 mal gespielt
  • Das Durchschnittsergebnis liegt bei 17 aus 40
Antwortstatistiken
Name % Korrekt
Khem Val
90%
Kira Carsen
70%
Lord Scourge
70%
T7-01
70%
Vette
70%
Doc
60%
Elara Dorne
60%
Jaesa Willsaam
60%
Mako
60%
Ashara Zavros
50%
Malavai Quinn
50%
Nadia Grell
50%
Qyzen Fess
50%
Risha
50%
Tanno Vik
50%
Yuun
50%
Akaavi Spar
40%
Andronikos Revel
40%
Aric Jorgan
40%
Bowdaar
40%
Felix Iresso
40%
Gault Rennow
40%
Kaliyo Djannis
40%
Lieutenant Pierce
40%
Raina Temple
40%
Scorpio
40%
Zenith
40%
Blizz
30%
Broonmark
30%
Corso Riggs
30%
Eckard Lokin
30%
Fideltin Rusk
30%
Guss Tuno
30%
Skadge
30%
Tharan Cedrax
30%
Torian Cadera
30%
Xalek
30%
Vector Hyllus
20%
Talos Drellik
10%
M1 4X
0%
Keine übereinstimmenden Quizze gefunden
Verteilung der Resultate
Anzahl Personen mit jedem Resultat
Perzentil nach korrekt beantworteten Fragen
Ihre Resultats-Entwicklung
Sie haben dieses Quiz noch nicht gespielt